00329nam a22001097a 450000500170000002000180001708200210003510000240005624500840008026000360016430000190020020250912160126.0 a9781032668109 a342.540 83 CHA/C aChakraborthy, Gorky aCitizenship in contemporary times: bthe Indian context/cby Gorky Chakraborthy a. - Londonb: Routledgec, 2024 axvii+284 pages